MARC details
| 000 -LEADER |
| fixed length control field |
03814nam a2200433Ia 4500 |
| 001 - CONTROL NUMBER |
| control field |
bslw07272239 |
| 003 - CONTROL NUMBER IDENTIFIER |
| control field |
UtOrBLW |
| 005 - DATE AND TIME OF LATEST TRANSACTION |
| control field |
20210303085239.0 |
| 006 - FIXED-LENGTH DATA ELEMENTS--ADDITIONAL MATERIAL CHARACTERISTICS |
| fixed length control field |
m d |
| 007 - PHYSICAL DESCRIPTION FIXED FIELD--GENERAL INFORMATION |
| fixed length control field |
cr un||||||||| |
| 008 - FIXED-LENGTH DATA ELEMENTS--GENERAL INFORMATION |
| fixed length control field |
110321s2010 enka ob 000 0 eng d |
| 020 ## - INTERNATIONAL STANDARD BOOK NUMBER |
| International Standard Book Number |
9781849509732 (electronic bk.) : |
| Terms of availability |
£67.95 ; €97.95 ; $114.95 |
| 040 ## - CATALOGING SOURCE |
| Original cataloging agency |
UtOrBLW |
| Transcribing agency |
UtOrBLW |
| 050 #4 - LIBRARY OF CONGRESS CALL NUMBER |
| Classification number |
HM1121 |
| Item number |
.C66 2010 |
| 072 #7 - SUBJECT CATEGORY CODE |
| Subject category code |
JPA |
| Source |
bicssc |
| 072 #7 - SUBJECT CATEGORY CODE |
| Subject category code |
PBCD |
| Source |
bicssc |
| 072 #7 - SUBJECT CATEGORY CODE |
| Subject category code |
POL000000 |
| Source |
bisacsh |
| 072 #7 - SUBJECT CATEGORY CODE |
| Subject category code |
SOC026000 |
| Source |
bisacsh |
| 080 ## - UNIVERSAL DECIMAL CLASSIFICATION NUMBER |
| Universal Decimal Classification number |
3 |
| 082 04 - DEWEY DECIMAL CLASSIFICATION NUMBER |
| Classification number |
303.6 |
| Edition number |
22 |
| 245 00 - TITLE STATEMENT |
| Title |
Conflict, complexity and mathematical social science |
| Medium |
[electronic resource] / |
| Statement of responsibility, etc. |
edited by Gordon Burt. |
| 260 ## - PUBLICATION, DISTRIBUTION, ETC. |
| Place of publication, distribution, etc. |
Bingley, U.K. : |
| Name of publisher, distributor, etc. |
Emerald, |
| Date of publication, distribution, etc. |
2010. |
| 300 ## - PHYSICAL DESCRIPTION |
| Extent |
1 online resource (270 p.) : |
| Other physical details |
ill. |
| 490 1# - SERIES STATEMENT |
| Series statement |
Contributions to conflict management, peace economics and development, |
| International Standard Serial Number |
1572-8323 ; |
| Volume/sequential designation |
v. 15 |
| 504 ## - BIBLIOGRAPHY, ETC. NOTE |
| Bibliography, etc. note |
Includes bibliographical references. |
| 505 0# - FORMATTED CONTENTS NOTE |
| Formatted contents note |
ch. 1. Introduction and overview / Gordon Burt -- ch. 2. Set theory and social reality / Gordon Burt -- ch. 3. Mathematics, logic, artificial intelligence and ordinary language / Gordon Burt -- ch. 4. Possibility and probability : value, conflict and choice / Gordon Burt -- ch. 5. Theory, evidence and reality : the mean and median ideals of competing groups / Gordon Burt -- ch. 6. Social design, ethics and the amount of value / Gordon Burt -- ch. 7. Change, multiple-entity systems and complexity / Gordon Burt -- ch. 8. Mathematical psychology / Gordon Burt -- ch. 9. Models of individual choice / Gordon Burt -- ch. 10. Mathematical sociology / Gordon Burt -- ch. 11. Mathematical political science and game theory / Gordon Burt -- ch. 12. The mathematical economics of social participation : complexity / Gordon Burt -- ch. 13. Life and history : the speculative pursuit of value / Gordon Burt -- ch. 14. World history : the growth and distribution dynamics of power, truth and value / Gordon Burt -- ch. 15. Debating the mathematical science approach to international relations / Gordon Burt. |
| 520 ## - SUMMARY, ETC. |
| Summary, etc. |
Conflict, Complexity and Mathematical Social Science provides a foundational mathematical approach to the modelling of social conflict. The book illustrates how theory and evidence can be mathematically deepened and how investigations grounded in social choice theory can provide the evidence needed to inform social practice. Countering criticism from constructivist viewpoints it shows how discourse is grounded in mathematical logic and mathematical structure. The modelling of social conflict is viewed as an application of mathematical social science and relevant models are drawn from each field of mathematical psychology, mathematical sociology, mathematical political science and mathematical economics. Unique in its multidisciplinary focus the book brings together powerful mathematical conceptualisations of the social world from a wide range of separate areas of inquiry, thereby providing a strong conceptual framework and an integrated account of social situations. It is a vital resource for all researchers in peace science, peace and conflict studies, politics, international relations, mathematical modelling in the social sciences and complexity theory. |
| 588 0# - SOURCE OF DESCRIPTION NOTE |
| Source of description note |
Print version record |
| 650 #7 - SUBJECT ADDED ENTRY--TOPICAL TERM |
| Topical term or geographic name entry element |
Political Science |
| General subdivision |
General. |
| Source of heading or term |
bisacsh |
| 650 #7 - SUBJECT ADDED ENTRY--TOPICAL TERM |
| Topical term or geographic name entry element |
Social Science |
| General subdivision |
Sociology |
| -- |
General. |
| Source of heading or term |
bisacsh |
| 650 #7 - SUBJECT ADDED ENTRY--TOPICAL TERM |
| Topical term or geographic name entry element |
Political science & theory. |
| Source of heading or term |
bicssc |
| 650 #7 - SUBJECT ADDED ENTRY--TOPICAL TERM |
| Topical term or geographic name entry element |
Mathematical logic. |
| Source of heading or term |
bicssc |
| 650 #0 - SUBJECT ADDED ENTRY--TOPICAL TERM |
| Topical term or geographic name entry element |
Social conflict |
| General subdivision |
Mathematical models. |
| 700 1# - ADDED ENTRY--PERSONAL NAME |
| Personal name |
Burt, Gordon. |
| 776 1# - ADDITIONAL PHYSICAL FORM ENTRY |
| International Standard Book Number |
9781849509725 |
| 830 #0 - SERIES ADDED ENTRY--UNIFORM TITLE |
| Uniform title |
Contributions to conflict management, peace economics and development ; |
| Volume/sequential designation |
v. 15. |
| 856 40 - ELECTRONIC LOCATION AND ACCESS |
| Uniform Resource Identifier |
<a href="https://www.emerald.com/insight/publication/doi/10.1108/S1572-8323(2010)15">https://www.emerald.com/insight/publication/doi/10.1108/S1572-8323(2010)15</a> |
| 913 ## - |
| -- |
BME2010 |